Electric machinery fundamentals (Record no. 1110)

000 -LEADER
fixed length control field 00674nam a22002294a 4500
001 - CONTROL NUMBER
control field 1110
003 - CONTROL NUMBER IDENTIFIER
control field BD-DhUET
008 - FIXED-LENGTH DATA ELEMENTS--GENERAL INFORMATION
fixed length control field 030923s2005 nyua b 001 0 eng
020 ## - INTERNATIONAL STANDARD BOOK NUMBER
International Standard Book Number 0071151559
040 ## - CATALOGING SOURCE
Original cataloging agency DLC
Transcribing agency DLC
Modifying agency BD-DhUET
082 00 - DEWEY DECIMAL CLASSIFICATION NUMBER
Classification number 623
Item number CHA/2005
100 1# - MAIN ENTRY--PERSONAL NAME
Personal name Chapman, Stephen J.
245 10 - TITLE STATEMENT
Title Electric machinery fundamentals
250 ## - EDITION STATEMENT
Edition statement 4th ed.
260 ## - PUBLICATION, DISTRIBUTION, ETC. (IMPRINT)
Place of publication, distribution, etc. Boston
Name of publisher, distributor, etc. McGraw-Hill
Date of publication, distribution, etc. 2005
300 ## - PHYSICAL DESCRIPTION
Extent xxii, 746p.
Other physical details ill.
Dimensions 24 cm.
500 ## - GENERAL NOTE
General note Includes bibliographies
650 #0 - SUBJECT ADDED ENTRY--TOPICAL TERM
Topical term or geographic name as entry element Electric engineering
856 41 - ELECTRONIC LOCATION AND ACCESS
Uniform Resource Identifier http://www.loc.gov/catdir/toc/mh041/2003065174.html
856 42 - ELECTRONIC LOCATION AND ACCESS
Uniform Resource Identifier http://www.loc.gov/catdir/description/mh041/2003065174.html
942 ## - ADDED ENTRY ELEMENTS (KOHA)
Koha item type General Book
Holdings
Copy number Date acquired Location (home branch) Shelving location Koha issues (times borrowed) Koha renewals Koha date last seen Koha item type Price effective from Not for loan Lost status Koha normalized classification for sorting Koha date last borrowed Piece designation (barcode) Source of classification or shelving scheme Withdrawn status Damaged status Sublocation or collection (holding branch) Koha full call number Koha out on loan
12014-08-30Central Library, BUETCirculation section15 2025-04-16General Book2014-08-30  623_000000000000000_CHA_20052024-12-18103333   Central Library, BUET623/CHA/2005 
22014-08-30Central Library, BUETCirculation section23 2026-04-15General Book2014-08-30  623_000000000000000_CHA_20052026-03-30103335   Central Library, BUET623/CHA/2005 
32014-08-30Central Library, BUETCirculation section2 2016-02-27General Book2014-08-30  623_000000000000000_CHA_20052016-02-27103336   Central Library, BUET623/CHA/20052017-02-26
42014-08-30Central Library, BUETCirculation section1112022-11-22General Book2014-08-30  623_000000000000000_CHA_20052022-11-22103337   Central Library, BUET623/CHA/20052022-12-06
52015-01-26Central Library, BUETCirculation section17 2025-12-01General Book2015-01-26  623_000000000000000_CHA_20052025-12-01103339   Central Library, BUET623/CHA/20052025-12-15
62015-12-30Central Library, BUETCirculation section25 2026-02-03General Book2015-12-30  623_000000000000000_CHA_20052026-01-07103340   Central Library, BUET623/CHA/2005